Аэродинамика в природе и технике: книга для внеклассного чтения учащихся 8-10 классов

Bibliographic Details
Main Author: Казневский В. П. Виктор Павлович
Language:Russian
Published: Москва, Просвещение, 1985
Edition:3-е изд., доп. и перераб.
Series:Мир знаний
Subjects:
Format: MixedMaterials Book
KOHA link:https://koha.lib.tpu.ru/cgi-bin/koha/opac-detail.pl?biblionumber=276227

MARC

LEADER 00000nam0a2200000 4500
001 276227
005 20231101234911.0
020 |a RU  |b 85-98431 
035 |a (RuTPU)RU\TPU\book\299485 
090 |a 276227 
100 |a 20141120d1985 e y0rusy5003 ca 
101 0 |a rus 
102 |a RU 
105 |a a z 000zy 
200 1 |a Аэродинамика в природе и технике  |e книга для внеклассного чтения учащихся 8-10 классов  |f В. П. Казневский 
205 |a 3-е изд., доп. и перераб. 
210 |a Москва  |c Просвещение  |d 1985 
215 |a 127 с.  |c ил. 
225 1 |a Мир знаний 
606 1 |a Аэродинамика  |2 stltpush  |3 (RuTPU)RU\TPU\subj\29869  |9 53103 
610 1 |a природа 
610 1 |a техника 
610 1 |a аэродинамические силы 
610 1 |a аэродинамический нагрев 
610 1 |a аэродинамические трубы 
610 1 |a полеты 
610 1 |a птицы 
610 1 |a насекомые 
675 |a 533.6  |z rus  |v 4 
700 1 |a Казневский  |b В. П.  |g Виктор Павлович  |4 070 
801 0 |a RU  |b RuMRKP  |c 19950704  |g psbo 
801 1 |a RU  |b 63413507  |c 20141120 
801 2 |a RU  |b 63413507  |c 20170131  |g RCR 
942 |c BK